000
00197nam a2200073Ia 4500
008
170524s9999 xx 000 0 und d
100
_a
BLANCHARD- BS
245
0
_a
LOGISTICS ENGINEERING AND MANAGEMENT
260
_b
HIMALYA PUB. HOUSE
999
_c
8001
_d
8001